000 00770nam a2200277Ia 4500
005 20260324143109.0
008 008 260324s9999 xx 000 0 eng d
020 _a9781003062943
037 _aEBOOK
040 _aCRL
040 _beng
040 _cCRL
041 _2eng
041 _aeng
084 _qCRL
100 _aMartin Berz
_91214367
245 0 _aNonlinear Problems in Accelerator Physics, Proceedings of the INT workshop on nonlinear problems in accelerator physics held in Berlin, Germany, 30 March - 2 April, 1992
260 _bTaylor and Francis
260 _c1993
365 _a
365 _b320
856 _uhttp://www.taylorfrancis.com/books/9781003062943
942 _cEBOOK
999 _c1819372
_d1819372